| 000 | 00568nam a2200193Ia 4500 | ||
|---|---|---|---|
| 003 | OSt | ||
| 005 | 20250530124102.0 | ||
| 008 | 210210b1976 xxu||||| |||| 00| 0 eng d | ||
| 040 | _cAL | ||
| 041 | _aKannada | ||
| 082 | _aK894.3 VISP | ||
| 100 |
_aVISHALAKSHI DAKSHINAMURTI _dವಿಶಾಲಾಕ್ಷಿ ದಕ್ಷಿಣಾಮೂರ್ತಿ _9211818 |
||
| 245 |
_aPashchattapa _b ಪಶ್ಚಾತ್ತಾಪ |
||
| 260 |
_aBengaluru _bBapko Prakashana _c1976 |
||
| 300 | _a267 | ||
| 690 |
_aKannada Fiction _9211819 |
||
| 906 | _aSG00181 | ||
| 942 |
_2ddc _cBK |
||
| 999 |
_c111473 _d111473 |
||